| 000 | 00416nam a22001697a 4500 | ||
|---|---|---|---|
| 003 | OSt | ||
| 005 | 20211021100553.0 | ||
| 008 | 211021b |||||||| |||| 00| 0 eng d | ||
| 020 | _a0-87993-154-X | ||
| 040 |
_aDDC _cHU |
||
| 082 |
_21 _a612.1 _b2 |
||
| 100 |
_aSTRANDNESS D.E. _914802 |
||
| 245 | _aSELECTED TOPICS IN VENOUS DISORDERS | ||
| 250 | _a1 | ||
| 260 |
_aMount Kisco _bFutura _c1981 |
||
| 942 |
_2ddc _cBOOKS _n0 |
||
| 999 |
_c14022 _d14022 |
||